| 000 | 00755cab a2200241 4500 | ||
|---|---|---|---|
| 001 | WB3240-06 | ||
| 008 | 090401t1996 xxu||||| |||| 00| 0 eng d | ||
| 035 | _a(Sirsi) u33806 | ||
| 041 | _aeng | ||
| 245 | _aSlough Estates adopt `trust` contracts | ||
| 260 | _c1996 | ||
| 350 | _a0 | ||
| 490 |
_aBuilding _v261(7963) 25 October 1996, 12(1) |
||
| 520 | _aSlough Estates is to scrap the usual defects liability period and retention within its contracts, in favour of a `trust` approach. | ||
| 650 | _aBUILT ENVIRONMENT-BUILDING CONTRACT FORMS | ||
| 650 | _aDEFECTS LIABILITY | ||
| 650 | _aRETENTION | ||
| 650 | _aSLOUGH ESTATES | ||
| 650 | _aTRUST | ||
| 690 | _aBUILT ENVIRONMENT-BUILDING CONTRACT FORMS | ||
| 942 | _n0 | ||
| 948 | _c04/03/1997 | ||
| 999 |
_c22507 _d22507 |
||